El zarpe final. Memorias de los últimos yaganes.

Guardat en:
Dades bibliogràfiques
Autor principal: Stambuk Mayorga, Patricia (autora)
Format: Llibre
Idioma:espanyol
Publicat: Santiago, Chile: LOM Ediciones, 2007.
Edició:Primera edición.
Col·lecció:Colección Entre Mares. Memoria.
Matèries:
Etiquetes: Afegir etiqueta
Sense etiquetes, Sigues el primer a etiquetar aquest registre!

MARC

LEADER 00000cam a2200000 a 4500
001 UCI1256
003 CL-VaPUC
005 20241021082419.0
008 070622t20070000CL |||||||||||||||||spa|d
999 |c 326096  |d 326094 
020 |a 978-956-282-895-6 
040 |c Pontificia Universidad Católica de Valparaíso 
082 0 4 |a 920.72 STA 2007  |2 21 
100 |a Stambuk Mayorga, Patricia  |e autora  |9 388903 
245 1 3 |a El zarpe final.  |b Memorias de los últimos yaganes. 
250 |a Primera edición. 
260 |a Santiago, Chile:  |b LOM Ediciones,  |c 2007. 
300 |a 141 páginas. 
490 0 |a Colección Entre Mares. Memoria. 
500 |a c. Fondo Budge. Donación del Profesor Sr. Eduardo Cavieres. 05-08-2019. 
583 |a last modification  |c 20190809 09:47:46  |k Rodrigo Vera 
651 0 |a Tierra del Fuego   |9 345728  |x Yaganes   |x Vida social y costumbres 
942 |c BK  |2 ddc 
945 |d 20070622 00:00:00  |a jtorresc 
952 |0 0  |1 0  |4 0  |6 920_720000000000000_STA_2007  |7 0  |8 A  |9 407799  |a BIBHIS  |b BIBHIS  |d 2019-11-22  |i 4351436  |o 920.72 STA 2007  |p 4351436  |r 2025-01-20  |w 2019-11-22  |y BK  |k HIS 
952 |0 0  |1 0  |3 erb  |4 0  |6 920_720000000000000_STA_2007  |7 0  |8 X  |9 407800  |a FDOBUD  |b FDOBUD  |i 5595290  |o 920.72 STA 2007  |p 5595290  |r 2019-11-22  |w 2019-11-22  |y BK_X  |z Catalogado en:20190809  |k BUD